| 000 | 00604nam a2200193 a 4500 | ||
|---|---|---|---|
| 001 | 18579 | ||
| 003 | CO-ViMGA | ||
| 008 | 141112s2004 ck r 000 u spa d | ||
| 020 | _a9580430667 | ||
| 040 |
_aCO-ViMGA _bspa _cCO-ViMGA |
||
| 082 | 0 | 4 | _a658.001 C654 |
| 100 | 1 |
_aCollins, James C.; Porras, Jerry I. _926443 |
|
| 245 | 1 | 0 | _aEmpresas que perduran . Principios exitosos de compañias triunfadoras |
| 260 |
_aBogotá, _cNorma, _c1995 |
||
| 300 | _a385.p. | ||
| 590 |
_aForma de adquisición : Donación Atenas - - Precio : _25.000 |
||
| 650 | 1 | 4 |
_aADMINISTRACION DE EMPRESAS _92735 |
| 942 |
_2ddc _cBK |
||
| 999 |
_c27841 _d27841 |
||